| 000 | 00781nam a2200241 i 4500 | ||
|---|---|---|---|
| 001 | 82136 | ||
| 003 | ES-MaACL | ||
| 005 | 20250822063133.0 | ||
| 007 | t| | ||
| 008 | 041125s1999 sp ||||1| spa d | ||
| 020 | _a84-8130-157-4 | ||
| 080 | _a821.134.1-94"19" | ||
| 100 | 1 |
_aPla, Josep, _d1897-1981 _9164614 |
|
| 245 | 1 | 3 |
_aEl cuaderno gris / _cJosep Pla ; traducción de Dionisio Ridruejo y Gloria de Ros ; prólogo de Carmen Rigalt. |
| 260 |
_aMadrid : _bUnidad Editorial, _c1999. |
||
| 300 |
_a575 p. ; _c21 cm. |
||
| 500 | _aTraducción de: El quadern gris. | ||
| 700 | 1 |
_aRidruejo, Dionisio, _d1912-1975 _997065 |
|
| 700 | 1 |
_aRos, Gloria de. _999574 |
|
| 700 | 1 |
_aRigalt, Carmen. _997188 |
|
| 852 |
_aES-MaACL _jE-10478 _bR.134608 |
||
| 999 |
_c82136 _d82136 |
||